000
00309nam a2200121Ia 4500
008
220204s9999 xx 000 0 und d
082
_a
331.101.6
_b
STA
100
_a
Delloff, Irving A
245
0
_a
Improving individual productivity
260
_a
Bombay
_b
Taraporevala
_c
1076
700
_a
Staley
942
_c
BK
999
_c
30362
_d
30362